Three sisters / (Record no. 799713)

MARC details
000 -LEADER
fixed length control field 01991nam a2200217 4500
003 - CONTROL NUMBER IDENTIFIER
control field 3228
005 - DATE AND TIME OF LATEST TRANSACTION
control field 20260604095413.0
008 - FIXED-LENGTH DATA ELEMENTS--GENERAL INFORMATION
fixed length control field eng
020 ## - INTERNATIONAL STANDARD BOOK NUMBER
International Standard Book Number 9781838775506
Qualifying information Paperback
040 ## - CATALOGING SOURCE
Original cataloging agency RDA
Language of cataloging eng
Description conventions Resource Description and Access
Transcribing agency RDA
Modifying agency RDA
264 #1 - PRODUCTION, PUBLICATION, DISTRIBUTION, MANUFACTURE, AND COPYRIGHT NOTICE
Place of production, publication, distribution, manufacture London
Name of producer, publisher, distributor, manufacturer Zaffre
Date of production, publication, distribution, manufacture, or copyright notice 2021.
100 1# - MAIN ENTRY--PERSONAL NAME
Personal name Morris, Heather
Titles and words associated with a name (Screenwriter),
Relator term author.
245 10 - TITLE STATEMENT
Title Three sisters /
Statement of responsibility, etc. Heather Morris.
300 ## - PHYSICAL DESCRIPTION
Extent 404 pages ;
Dimensions 25 centimeters
520 ## - SUMMARY, ETC.
Summary, etc. "From Heather Morris, the New York Times bestselling author of the multi-million copy bestseller The Tattooist of Auschwitz and Cilka's Journey: a story of family, courage, and resilience, inspired by a true story. Against all odds, three Slovakian sisters have survived years of imprisonment in the most notorious death camp in Nazi Germany: Auschwitz. Livia, Magda, and Cibi have clung together, nearly died from starvation and overwork, and the brutal whims of the guards in this place of horror. But now, the allies are closing in and the sisters have one last hurdle to face: the death march from Auschwitz, as the Nazis try to erase any evidence of the prisoners held there. Due to a last minute stroke of luck, the three of them are able to escape formation and hide in the woods for days before being rescued. And this is where the story begins. From there, the three sisters travel to Israel, to their new home, but the battle for freedom takes on new forms. Livia, Magda, and Cibi must face the ghosts of their past--and some secrets that they have kept from each other--to find true peace and happiness. Inspired by a true story, and with events that overlap with those of Lale, Gita, and Cilka, The Three Sisters will hold a place in readers' hearts and minds as they experience what true courage really is"--
Assigning source Provided by publisher.
610 20 - SUBJECT ADDED ENTRY--CORPORATE NAME
Corporate name or jurisdiction name as entry element Auschwitz (Concentration camp)
Form subdivision Fiction.
650 #0 - SUBJECT ADDED ENTRY--TOPICAL TERM
Topical term or geographic name entry element Holocaust, Jewish (1939-1945)
Form subdivision Fiction.
650 #0 - SUBJECT ADDED ENTRY--TOPICAL TERM
Topical term or geographic name entry element Holocaust survivors
Geographic subdivision Israel
Form subdivision Fiction.
655 #7 - INDEX TERM--GENRE/FORM
Genre/form data or focus term Historical fiction.
942 ## - ADDED ENTRY ELEMENTS
Source of classification or shelving scheme Dewey Decimal Classification
item type Book
Call number prefix EF
Call number suffix MORR
-- 170
-- Busisiwe Dlamini
-- 170
-- Busisiwe Dlamini
Holdings
Withdrawn status Lost status Source of classification or shelving scheme Damaged status Not for loan Collection code Home library Current library Shelving location Date acquired Total Checkouts Full call number Barcode Date last seen Price effective from item type
    Dewey Decimal Classification     Fiction Amsterdam P.L. Amsterdam P.L. General Stacks 04.06.2026   EF MORR 33228031001487 04.06.2026 04.06.2026 Book